000
00347nam a2200145Ia 4500
008
221007s9999 xx 000 0 und d
041
_a
eng
082
_b
JOS
100
_a
Joshi P
_9
25186
245
_a
Sales (Distributed Network) Order System
260
_c
2003
_b
Pune University
_a
Pune
300
_a
94p
520
_a
Vaze S
906
_b
General
999
_c
69349
_d
69349